=LDR 00000nam 2200000 4500 =001 INLIS000000000043930 =005 20131008104002 =008 ***********************************ind** =035 ##$$0010-101300000001852 =041 ##$$a ind =082 ##$$a 346.02 =090 ##$$a 346.02, Suh h =100 ##$$a Suharnoko =245 ##$$a Hukum perjanjian, teori dan analisa kasus, Suharnoko =260 ##$$a 2004 $b Jakarta =300 ##$$a 163 hlm, 21 cm =650 ##$$a Hukum Perjanjian =850 ##$$a NBPNMAT =990 ##$$a 0001/BPAP-NTB/2016 =990 ##$$a 0001/BPAP-NTB/2016